[Event "Internet Section 06B g/8'+2\""]
[Site "Dos Hermanas"]
[Date "2004.03.06"]
[Round "2"]
[White "Jakow, Matthew"]
[Black "Peri, A."]
[Result "1-0"]
[WhiteElo "1979"]
[BlackElo "1600"]
[PlyCount "81"]
[EventDate "2004.03.06"]
[EventType "swiss (blitz)"]
[EventRounds "9"]
[EventCountry "ESP"]
[SourceTitle "CBM 099 Extra"]
[Source "ChessBase"]
[SourceDate "2004.05.04"]
[SourceVersion "1"]
[SourceVersionDate "2004.05.04"]
[SourceQuality "1"]

1. e4 d6 2. d4 g6 3. Nc3 Bg7 4. f4 a6 5. Nf3 Bd7 6. Be3 Bg4 7. Bd3 Nd7 8. h3 Bxf3 9. Qxf3 Ngf6 10. 0-0-0 0-0 11. g4 Kh8 12. h4 Re8 13. h5 Nf8 14. g5 N6d7 15. h6 f5 16. hxg7+ Kxg7 17. Qh3 e6 18. Qh6+ Kg8 19. d5 Qe7 20. exf5 exf5 21. Bd4 Qf7 22. Rde1 Nc5 23. Bxc5 Rxe1+ 24. Rxe1 dxc5 25. Qh1 Rd8 26. Qf1 b5 27. Qf3 Rd6 28. Qe3 Nd7 29. Qe8+ Qxe8 30. Rxe8+ Nf8 31. Re7 Rd7 32. Rxd7 Nxd7 33. Kd2 Kf7 34. a4 c4 35. Be2 Nb6 36. axb5 a5 37. Na2 Ke7 38. Kc3 Nxd5+ 39. Kxc4 Nxf4 40. Bf3 Kd6 41. Nc3 1-0

[Event "Internet Section 06B g/8'+2\""]
[Site "Dos Hermanas"]
[Date "2004.03.06"]
[Round "3"]
[White "Russev, Rusen Iordanov"]
[Black "Jakow, Matthew"]
[Result "1-0"]
[WhiteElo "2503"]
[BlackElo "1977"]
[PlyCount "89"]
[EventDate "2004.03.06"]
[EventType "swiss (blitz)"]
[EventRounds "9"]
[EventCountry "ESP"]
[SourceTitle "CBM 099 Extra"]
[Source "ChessBase"]
[SourceDate "2004.05.04"]
[SourceVersion "1"]
[SourceVersionDate "2004.05.04"]
[SourceQuality "1"]

1. d4 f5 2. g3 Nf6 3. Bg2 e6 4. c4 Be7 5. Nc3 0-0 6. Nf3 d6 7. 0-0 Qe8 8. Qc2 Nc6 9. e4 fxe4 10. Nxe4 Qg6 11. Nh4 Qf7 12. Be3 Nxe4 13. Qxe4 Bxh4 14. Qxh4 Ne7 15. Be4 Nf5 16. Qh3 e5 17. dxe5 dxe5 18. g4 Qxc4 19. Bxf5 Bxf5 20. gxf5 Rf6 21. Bg5 Rd6 22. Rae1 Re8 23. Qb3 Qxb3 24. axb3 h6 25. Bd2 Rf6 26. Bc3 Rxf5 27. Re4 Rf4 28. Rxe5 Rxe5 29. Bxe5 Rb4 30. Bxc7 Rxb3 31. Be5 a5 32. Rc1 Rb5 33. Rc8+ Kh7 34. Bc3 Rg5+ 35. Kf1 a4 36. Rc7 b5 37. f4 Rg4 38. Ke2 Rg2+ 39. Kf3 Rg1 40. Bd4 Rg6 41. f5 Rg5 42. h4 Rxf5+ 43. Ke4 Rh5 44. Rxg7+ Kh8 45. Rg5+ 1-0